o que é a Europa (Registo nº 199082)

Detalhes MARC
000 -Etiqueta do registo
Valores 00528nam 22001933 4500
010 ## - Número ISBN
ISBN 972-709-152-0
021 ## - Número do Depósito Legal
Número 56773/92
100 ## - Dados gerais de processamento
Dados gerais 20251117d u||y0pory50 ba
200 ## - Titulo e menção de responsabilidade
Título próprio o que é a Europa
Primeira menção de responsabilidade Francisco Lucas Pires
210 ## - Publicação
Local de publicação Lisboa
Nome do editor Difusão Cultural
Data de publicação 1993
215 ## - Descrição física 
Paginação / Volumes 160 p.
Outras indicações físicas brochado
Dimensões 21 cm
606 ## - Nome comum usado como assunto
ID Autoridade 1246
Palavra de ordem Política
675 ## - CDU
Notação 32
Edição PT
Língua por
700 ## - Autor principal (pessoa individual)
ID Autoridade 11749
Apelido Pires
Nome Francisco Lucas
Datas 1944 - 1998
801 ## - Fonte de origem
País PT
Agência BMMN
Regras de catalogação RPC
830 ## - Notas gerais do catalogador
Criado por Fernando
Indexado por Fernando
990 ## - Elementos KOHA
Tipo de documento Livro

Não há exemplares disponíveis.

Powered by Koha